• 首页
  • 本馆介绍
  • 公告通知
  • 最新文献
  • 馆藏检索
  • 电子资源
  • 读者导购
  • 参考咨询
  • 我的图书馆
  • 登录
  • 详细信息显示
  • 放入我的书架
  • 预约/预借图书
  • 作者相关作品
  • 分类相关作品
  • 丛书相关作品
  • 出版社相关作品

书目信息

  • 表格格式
  • 工作单格式
  • 卡片格式
题名:
初心
    
 
作者: 《初心 : 红色书信品读》编写组编著
分册:  
出版信息: 北京   人民出版社  2018
页数: 199页
开本: 24cm
丛书名:
单 册:
中图分类: I266.5
科图分类:
主题词: 书信集--Shu Xin Ji--中国--现代
电子资源:
ISBN: 978-7-01-019048-8
000 01307nam0 2200253 45
001 012001010782
005 20140104083636.0
010    @a978-7-01-019048-8@dCNY39.00
099    @aCAL 012018073816
100    @a20180620d2018 em y0chiy50 ea
101 0  @achi
102    @aCN@b110000
105    @ay a 000ey
106    @ar
200 1  @a初心@AChu Xin@e红色书信品读@f《初心 : 红色书信品读》编写组编著
210    @a北京@c人民出版社@d2018
215    @a199页@d24cm
320    @a有书目
330    @a红色书信, 主要是革命先辈之间或他们与亲友交换看法、交流感情的亲笔信件, 留存至今则是真实的记载, 是宝贵的历史资料。这些红色书信, 恰恰是理解中国共产党人的初心和使命的重要史料。通过阅读这些红色书信, 可以看到一段段波澜壮阔的历史真实, 看到革命者有血有肉的思想活动和情感生活; 可以看到斐然的文采和悦心的文辞, 看到炽烈的政治追求和深情的牵挂; 可以打开尘封历史禁闭的大门, 再现已逐渐褪色的往事, 感知到一个个鲜活的崇高的灵魂; 还可以看到领袖褪去神秘光环回归朴实, 却更加立体让人心生敬佩……。说到底, 从中可以看到那颗鲜红的、彼时彼刻正在搏动的“初心”。中国共产党人的这颗“初心”, 为了人民幸福、民族振兴, 坚贞不渝, 从不褪色!
517 1  @a红色书信品读@AHong Se Shu Xin Pin Du
606 0  @a书信集@AShu Xin Ji@y中国@z现代
690    @aI266.5@v5
801  2 @aCN@b上海新华@c20191020
905    @b1137059-62@dI266.5@e3849@f4
    
    初心:红色书信品读/《初心 : 红色书信品读》编写组编著.-北京:人民出版社,2018
    199页;24cm
    
    
    ISBN 978-7-01-019048-8:CNY39.00
    红色书信, 主要是革命先辈之间或他们与亲友交换看法、交流感情的亲笔信件, 留存至今则是真实的记载, 是宝贵的历史资料。这些红色书信, 恰恰是理解中国共产党人的初心和使命的重要史料。通过阅读这些红色书信, 可以看到一段段波澜壮阔的历史真实, 看到革命者有血有肉的思想活动和情感生活; 可以看到斐然的文采和悦心的文辞, 看到炽烈的政治追求和深情的牵挂; 可以打开尘封历史禁闭的大门, 再现已逐渐褪色的往事, 感知到一个个鲜活的崇高的灵魂; 还可以看到领袖褪去神秘光环回归朴实, 却更加立体让人心生敬佩……。说到底, 从中可以看到那颗鲜红的、彼时彼刻正在搏动的“初心”。中国共产党人的这颗“初心”, 为了人民幸福、民族振兴, 坚贞不渝, 从不褪色!
●
相关链接 在E读中查询图书 在五车中查询图书 在当当中查询图书 在豆瓣中查询图书


正题名:初心     索取号:I266.5/3849         预约/预借

序号 登录号 条形码 馆藏地/架位号 状态 备注
1 1137059   211370595   第一样本阅览室/ [索取号:I266.5/3849] 在馆    
2 1137060   211370602   第二借阅区/ [索取号:I266.5/3849] 在馆    
3 1137061   211370611   第二借阅区/ [索取号:I266.5/3849] 在馆    
4 1137062   211370620   第二借阅区/ [索取号:I266.5/3849] 在馆    
唐山师范学院图书馆 欢迎您!
大连网信软件有限公司© 版权所有